00926cam a2200277 a 4500001001000000003000900010005001700019007000300036008004100039040002500080082002200105100004300127240002800170245006900198260004100267300002300308534003700331590002800368650003100396650003500427700003400462910000700496942001400503952011600517999001500633000003831DO-SdBNP20220921114512.0ta870820s1965 mx 001 f spa  aDO-SdBNPbspacBNPHU 4a813.54bC154e2221 aCalisher, Hortense,d1911-2009.91159910aFalse entry.lEspañol10aEntrada falsa /cHortense Calisher ; traductor Agustí Bartra. aMéxico :bJoaquín Mortiz,c1965. a[496] p. ;c21 cm. aTítulo original:tFalse entry. aInventariado, 2022 / DG 4aNovela estadounidense9262 4aLiteratura estadounidense92631 aBartra, Agustí,etr.911600 aDG 2ddccLBS1 00102ddc56708GRaBNPHUbBNPHUcHDd2009-07-13oBNPHU DS 813.54 C154ep3831-10r2020-06-25w2020-06-25yLBS1 c3653d3653